000 00795nam a2200265Ia 4500
001 dia_5214
003 CHAP
005 20251021151904.0
008 220117s1971 xx 000 0 und d
010 _a176114
040 _cCHAP
082 _a664.1 F47 1971
100 _aFernandes, Hamilton
_9157897
245 _aAçúcar e álcool : ontem e hoje /
_c Hamilton Fernandes
260 _aBrasil :
_b M. I. C., Instituto do Açúcar e do Álcool,
_c1971
300 _a165 p.
440 _aColeçao Canavieira ; 4
_9157898
590 _aTP377 F47 1971
650 _aAlcohol
_93655
650 _aAzúcar
_xManufactura y refinamiento
_9153503
901 _a664.1 F47 1971
902 _aA
905 _a5232271971 bl a 8222223322por16
942 _cLIBRO
_2ddc
999 _c176114
_d176114